000 00622cam a22002292a 4500
001 013372
003 AR-FADEU
008 311216n2001####xxu####################dd
020 _a950-527458-0
092 _aD341.49
_bZ93
100 _aZuppi, Alberto Luis
245 _aLa jurisdicción extraterritorial y la corte penal internacional
260 _aBuenos Aires
260 _bLa Ley
260 _bAcademía Nacional de Derecho y Ciencias Sociales
260 _c2001
300 _a99 p
440 _aII-Obras
_n28
500 _aIncluye bibliografía
650 _aDERECHO PENAL INTERNACIONAL
942 _cBDGR
999 _c19139
_d19139